000 00340nam a2200145Ia 4500
008 150201s2013 xx 000 0 und d
082 _a610.6
_bH13S
100 _aSAXENA, MANISHA
245 _aHOSPITAL MANAGEMENT
250 _a1ST
260 _bCBS
_aDELHI
_c2013
300 _a1-240
650 _aHOSPITAL MANAGEMENT
942 _2ddc
_cBK
_01
999 _c1571
_d1571